Science Quiz

Random Science or Biology Quiz

6 to 1: Biology Quiz Stats

 Plays Quiz Updated Dec 3, 2019

Score 0/21 Timer 05:00
70 Plays Today
Answer % Correct
Sweetness
95.1%
Sourness
88.7%
Charles Darwin
88.4%
Bitterness
82.2%
Saltiness
79.7%
Animalia
78.2%
Plantae
73.2%
Umami
64.9%
Mitosis
64.5%
Eubacteria
61.9%
Fungi
61.6%
Answer % Correct
Guanine
51.9%
Meiosis
51.8%
Adenine
46.1%
Cytosine
44.6%
Thymine
41.7%
Smooth
37.5%
Skeletal
35%
Cardiac
33.3%
Protista
26%
Archaebacteria
22.7%

You're not logged in!

Compare scores with friends on all Sporcle quizzes.
OR
Log In

Sporcle TV

Today on Sporcle TV


Watch our educational content, quiz creation guides, and fun videos on Sporcle TV.

Show Comments

Extras

Top Quizzes Today


Score Distribution

Your Account Isn't Verified!

In order to create a playlist on Sporcle, you need to verify the email address you used during registration. Go to your Sporcle Settings to finish the process.

Report this User

Report this user for behavior that violates our Community Guidelines.

Details: